000 00481nam a2200169Ia 4500
005 20240717041435.0
008 240331s9999 xx 000 0 und d
020 _a0415194482
082 _a200.042
_bWES
100 _aWesterkamp, M.J
245 0 _aWomen and religion in early America :
_b1600-1850 the puritan and evangelical traditions
260 _aLondon
_bRoutledge
_c1999
300 _aix, 219 p .,
650 _aWoman in Christianity
650 _aChurch History
942 _cL
999 _c787
_d787